00301nam a2200085Ia 4500008004100000100002000041245003200061500007600093650004600169181011s9999 xx 000 0 und d aD.M.Ravi Prasad 0aKey to National Integration aThe Bulletin of Christian Institutes of Islamic Studies July - Dec 1986 a"Fundamentalism, Communalism, Secularism"